| 000 | 01258nam a22002657a 4500 | ||
|---|---|---|---|
| 003 | UA-OsUOA | ||
| 001 | 132665 | ||
| 007 | ta | ||
| 008 | 20180830b un ||||| |||| 00| 0 ukr d | ||
| 100 | _aГримич М. | ||
| 090 |
_a94(477.8) _bГ84 |
||
| 942 | _cBK | ||
| 040 |
_aUA-OsUOA _bukr _cUA-OsUOA _dUA-OsUOA |
||
| 245 |
_aАнтропологія війни. Case study: дивізія "Галичина" _bмонографія |
||
| 300 | _a256 с. | ||
| 955 | _a1 | ||
| 041 | _aukr | ||
| 080 | _a94(477.8) | ||
| 020 | _a978-617-7310-22-7 | ||
| 520 | 3 | _aЗміст1. Соціокультурна специфіка дивізії2. Життя на війні та в полоні: побутова культура дивізійників3. Специфіка бойової культури: вишкіл4. Специфіка бойової культури: фронт. Бродівський колективний оповідальний цикл5. Звичаєве право6. Ри | |
| 520 | 3 | _aтуальні та позаритуальні практики в екстремальних умовах | |
| 260 |
_aК. _bДуліби _c2017 |
||
| 650 | 7 |
_a9 Географія. Біографії. Історія _2UDC |
|
| 999 |
_c421221 _d421221 |
||